[Event "POL-chT 2nd div South"]
[Site "Polanica Zdroj"]
[Date "1999.??.??"]
[Round "6"]
[White "Uryga, Jacek"]
[Black "Wesolowski, Tadeusz"]
[Result "1-0"]
[WhiteElo "2092"]
[BlackElo "2221"]
[PlyCount "40"]
[EventDate "1999.09.17"]
[EventType "team-swiss"]
[EventRounds "10"]
[EventCountry "POL"]
[SourceTitle "EXT 2001"]
[Source "ChessBase"]
[SourceDate "2000.11.22"]
[SourceVersion "1"]
[SourceVersionDate "2000.11.22"]
[SourceQuality "1"]
[WhiteTeam "POL-chT 2nd div South 17"]
[BlackTeam "POL-chT 2nd div South 26"]
[WhiteTeamCountry "POL"]
[BlackTeamCountry "POL"]

1. c4 e5 2. Nc3 Nf6 3. Nf3 Nc6 4. g3 d5 5. cxd5 Nxd5 6. Bg2 Nb6 7. 0-0 Be7 8. d3 0-0 9. a3 Be6 10. b4 a5 11. b5 Nd4 12. Nd2 Nd5 13. Nxd5 Bxd5 14. Bxd5 Qxd5 15. a4 Bb4 16. Ba3 c5 17. bxc6 bxc6 18. Nc4 Ra6 19. Bb2 f5 20. Bxd4 exd4 1-0